000 01149nam0a22002891 4500
001 rc\332376
005 20260406165126.0
010 _a5-211-00701-8
_9500
035 _a(NLR Aleph) 005567616
090 _a5977876
_c5977876
100 _a20030307d1989 |||y0rusy50 ca
101 0 _arus
102 _aRU
105 _aa |||||||||
200 1 _aБиогеохимия агроценозов Нечерноземья
_f[Л.А. Гришина, Л.В. Моргун, А.И. Щеглов и др.]
_gПод ред. Л.А. Гришиной
_gМГУ им. М.В. Ломоносова, Фак. почвоведения
210 _aМ.
_cИзд-во МГУ
_d1989
215 _a173 с.
_cил.
_d22
225 1 _aБиология
300 _aАвт. указаны в огл.
320 _aБиблиогр.: с. 163-171
701 1 _aГришина
_bЛ.А.
_gЛеонора Александровна
712 0 2 _aМГУ им. М. В. Ломоносова
_bФакультет почвоведения
_3RU\NLR\AUTH\889936550
_9367906
801 0 _aRU
_bNLR
_gpsbo
801 1 _aRU
_bELAR
_2rusmarc
852 _aNLR
_j89-5/3297
942 _cBOOK
980 _aNB